[Event "Jyvaskyla Winter WE op"]
[Site "Jyvaskyla"]
[Date "2020.02.01"]
[Round "4"]
[White "Karvinen, Kimmo"]
[Black "Niemi, Olavi"]
[Result "1-0"]
[WhiteElo "2100"]
[BlackElo "1998"]
[PlyCount "47"]
[EventDate "2020.01.31"]
[EventType "swiss"]
[EventRounds "5"]
[EventCountry "FIN"]
[SourceTitle "EXT 2021"]
[Source "ChessBase"]
[SourceDate "2020.10.23"]
[SourceVersion "1"]
[SourceVersionDate "2020.10.23"]
[SourceQuality "1"]

1. e4 e5 2. Nf3 Nc6 3. c3 d6 4. d4 exd4 5. cxd4 Bg4 6. Bb5 a6 7. Bxc6+ bxc6 8. h3 Bh5 9. 0-0 Nf6 10. Re1 Be7 11. Nbd2 0-0 12. Nf1 d5 13. exd5 Bb4 14. Bd2 Bxd2 15. N1xd2 cxd5 16. Qa4 Qd6 17. Ne5 Rab8 18. Nb3 Rb6 19. Rac1 Re8 20. g4 Bg6 21. g5 Rb4 22. Qc6 Rb6 23. Qxd6 cxd6 24. Nxg6 1-0

[Event "Jyvaskyla Winter Weekend A"]
[Site "Jyvaskyla"]
[Date "2017.01.??"]
[Round "2"]
[White "Privalov, Vyacheslav N"]
[Black "Niemi, Olavi"]
[Result "0-1"]
[WhiteElo "1953"]
[BlackElo "2004"]
[PlyCount "78"]
[EventDate "2017.01.27"]
[EventType "swiss"]
[EventRounds "5"]
[EventCountry "FIN"]
[SourceTitle "EXT 2022"]
[Source "ChessBase"]
[SourceDate "2021.10.06"]
[SourceVersion "1"]
[SourceVersionDate "2021.10.06"]
[SourceQuality "1"]

1. Nf3 f5 2. b3 d6 3. Bb2 e5 4. d3 Nf6 5. g3 Be7 6. Bg2 0-0 7. Nbd2 h6 8. Nh4 Qe8 9. c4 c6 10. Qc2 Be6 11. 0-0-0 Nbd7 12. h3 Rc8 13. Nhf3 g5 14. Nh2 d5 15. Nhf3 e4 16. Nd4 Bc5 17. Rhe1 b5 18. Nxe6 Qxe6 19. d4 Be7 20. c5 e3 21. fxe3 Nh5 22. Nf1 Ndf6 23. Bf3 Bd8 24. Kb1 Bc7 25. g4 fxg4 26. hxg4 Nxg4 27. Bxg4 Qxg4 28. Nd2 Ng3 29. Rg1 Rce8 30. Nf1 h5 31. Bc1 h4 32. Nxg3 Bxg3 33. Rdf1 Rxf1 34. Rxf1 h3 35. Qd1 Rf8 36. Kb2 h2 37. Rf3 Bf2 38. Rxf8+ Kxf8 39. Qh1 Bg1 0-1

[Event "FIN-ch Seniors"]
[Site "Mantta"]
[Date "2013.06.15"]
[Round "6.2"]
[White "Niemi, Olavi"]
[Black "Keto, Hannu"]
[Result "1-0"]
[WhiteElo "2021"]
[BlackElo "2088"]
[PlyCount "123"]
[EventDate "2013.06.13"]
[EventType "swiss"]
[EventRounds "7"]
[EventCountry "FIN"]
[SourceTitle "EXT 2022"]
[Source "ChessBase"]
[SourceDate "2021.10.06"]
[SourceVersion "1"]
[SourceVersionDate "2021.10.06"]
[SourceQuality "1"]

1. e4 e6 2. d4 d5 3. e5 c5 4. c3 Nc6 5. Nf3 Qb6 6. a3 c4 7. Nbd2 Bd7 8. b3 cxb3 9. Qxb3 Qc7 10. Bd3 Na5 11. Qc2 Rc8 12. Bb2 h6 13. 0-0 Nc4 14. Nxc4 dxc4 15. Be4 Ne7 16. a4 Nd5 17. Ba3 Bxa3 18. Rxa3 Bc6 19. g3 0-0 20. Nd2 Ne7 21. Bxc6 Qxc6 22. Raa1 Rc7 23. Qe4 Qxe4 24. Nxe4 Nd5 25. f4 f5 26. exf6 gxf6 27. Rf3 f5 28. Nc5 Re8 29. a5 b6 30. Na4 Rc6 31. Kf2 Nf6 32. Rb1 Ne4+ 33. Ke2 Rb8 34. Rb5 Rd6 35. axb6 axb6 36. Nb2 Rd5 37. Rb4 b5 38. Nxc4 Ra8 39. Nb2 Ra3 40. Nd1 Kf7 41. Re3 Nd6 42. Re5 Ra2+ 43. Rb2 Rxb2+ 44. Nxb2 Ne4 45. Nd1 Nf6 46. Ne3 Rxe5 47. fxe5 Ne8 48. g4 fxg4 49. Nxg4 h5 50. Nf2 Nc7 51. Ne4 Kg6 52. Nd6 Kg5 53. Kf3 Kg6 54. h4 Kg7 55. Ke4 Kg6 56. Kd3 Kg7 57. Kc2 Kf8 58. Kb3 Ke7 59. Ne4 Kf7 60. Kb4 Kg6 61. Nf6 Kf5 62. Kc5 1-0

[Event "FIN-ch Seniors"]
[Site "Mantta"]
[Date "2013.06.13"]
[Round "1.7"]
[White "Niemi, Olavi"]
[Black "Saharinen, Petri"]
[Result "1-0"]
[WhiteElo "2021"]
[BlackElo "1879"]
[PlyCount "71"]
[EventDate "2013.06.13"]
[EventType "swiss"]
[EventRounds "7"]
[EventCountry "FIN"]
[SourceTitle "EXT 2022"]
[Source "ChessBase"]
[SourceDate "2021.10.06"]
[SourceVersion "1"]
[SourceVersionDate "2021.10.06"]
[SourceQuality "1"]

1. e4 e6 2. d4 d5 3. e5 c5 4. c3 Nc6 5. Nf3 Bd7 6. a3 Rc8 7. b4 cxd4 8. cxd4 a6 9. Bb2 Nh6 10. Nbd2 Be7 11. Bd3 0-0 12. Rc1 Nf5 13. Nb3 Qb6 14. Nc5 Bxc5 15. dxc5 Qc7 16. 0-0 Nfe7 17. Bxh7+ Kh8 18. Bb1 g6 19. Ng5 Kg7 20. f4 Rh8 21. Qd3 Nf5 22. Rf3 Nce7 23. g4 Bb5 24. Qd2 Nh4 25. Rh3 Rh6 26. f5 exf5 27. Nxf7 Rh7 28. Ng5 fxg4 29. Rxh4 Rxh4 30. Ne6+ Kg8 31. Nxc7 Rxc7 32. Qg5 Rh5 33. Qxg4 Nf5 34. Bxf5 Rxf5 35. e6 Re7 36. Qxg6+ 1-0

[Event "Jyvaskyla We JyS A"]
[Site "Jyvaskyla"]
[Date "2013.01.27"]
[Round "4"]
[White "Niemi, Olavi"]
[Black "Uusi Oukari, Seppo"]
[Result "1-0"]
[WhiteElo "2021"]
[BlackElo "1944"]
[PlyCount "97"]
[EventDate "2013.01.25"]
[EventType "swiss"]
[EventRounds "5"]
[EventCountry "FIN"]
[SourceTitle "EXT 2022"]
[Source "ChessBase"]
[SourceDate "2021.10.06"]
[SourceVersion "1"]
[SourceVersionDate "2021.10.06"]
[SourceQuality "1"]

1. e4 c5 2. Nc3 Nc6 3. f4 e5 4. fxe5 Nxe5 5. Nf3 d6 6. Nxe5 dxe5 7. Bc4 Nf6 8. d3 Be7 9. 0-0 0-0 10. Bg5 a6 11. a4 Ng4 12. Bxe7 Qxe7 13. Nd5 Qg5 14. Qf3 Qh4 15. h3 Nh6 16. Qe3 Bd7 17. Nb6 Rad8 18. Nxd7 Rxd7 19. Qxc5 Qg5 20. Rf3 Qe7 21. Qe3 Kh8 22. Raf1 f6 23. g4 Rc8 24. Rg3 Rdc7 25. c3 Rb8 26. Kh2 Qe8 27. g5 fxg5 28. Qxg5 Ng8 29. Rf5 h6 30. Qe3 Qe7 31. Rf7 Qd6 32. Rgxg7 Rxf7 33. Rxf7 Qg6 34. Qf3 Qg5 35. Qg2 b5 36. axb5 axb5 37. Qxg5 hxg5 38. Bd5 b4 39. Rf5 bxc3 40. bxc3 Ne7 41. Rxe5 Ng6 42. Rxg5 Nf4 43. Bc4 Rb2+ 44. Kg3 Ne2+ 45. Kf3 Nxc3 46. e5 Rb7 47. Kg4 Ne2 48. Kf5 Nd4+ 49. Kf6 1-0

[Event "FIN Team Cup"]
[Site "Finland"]
[Date "2012.09.15"]
[Round "5.8"]
[White "Niemi, Olavi"]
[Black "Hallenberg, Sami"]
[Result "0-1"]
[WhiteElo "2034"]
[BlackElo "2111"]
[PlyCount "134"]
[EventDate "2012.03.31"]
[EventType "team-k.o."]
[EventRounds "6"]
[EventCountry "FIN"]
[SourceTitle "EXT 2022"]
[Source "ChessBase"]
[SourceDate "2021.10.06"]
[SourceVersion "1"]
[SourceVersionDate "2021.10.06"]
[SourceQuality "1"]
[WhiteTeam "Jyvaskyla JyS"]
[BlackTeam "Vantaa EtVaS"]
[WhiteTeamCountry "FIN"]
[BlackTeamCountry "FIN"]

1. e4 c5 2. Nc3 Nc6 3. f4 g6 4. Nf3 Bg7 5. Bc4 e6 6. d3 Nge7 7. a4 d5 8. Ba2 0-0 9. 0-0 b6 10. Qe1 Nb4 11. Bb1 Nec6 12. Nd1 Ba6 13. e5 f6 14. Nf2 d4 15. exf6 Qxf6 16. Ng5 Rae8 17. Ng4 Qf5 18. Qh4 h5 19. Nf2 Bf6 20. Nfe4 Bxg5 21. Nxg5 e5 22. Ne4 Qe6 23. f5 gxf5 24. Qg5+ Kh7 25. Qxh5+ Kg7 26. Rf3 f4 27. Ng5 Qf5 28. g4 Qg6 29. Qxg6+ Kxg6 30. Ne4 Nd5 31. c3 Ne3 32. h3 Nd8 33. a5 Bb7 34. axb6 axb6 35. Ra7 Re7 36. Bxe3 dxe3 37. d4 cxd4 38. cxd4 exd4 39. Rf1 Kh6 40. Nd6 f3 41. Nf5+ Rxf5 42. Bxf5 f2+ 43. Rxf2 exf2+ 44. Kxf2 Kg5 45. Ra3 Kf4 46. Rb3 Re3 47. Rxb6 Rxh3 48. Rb4 Rh2+ 49. Ke1 Ke5 50. Rb5+ Kd6 51. Bd3 Bc6 52. Rb6 Kc5 53. Rb8 Ne6 54. b4+ Kd6 55. b5 Bf3 56. Bf5 Nf4 57. b6 Rb2 58. Rd8+ Kc5 59. Rc8+ Kxb6 60. Rb8+ Bb7 61. Kd1 Kc7 62. Rg8 Kd6 63. Kc1 Rg2 64. Bc2 Ke5 65. Re8+ Kf6 66. Bf5 Bf3 67. Rf8+ Kg7 0-1

[Event "Jyvaskyla We JyS A"]
[Site "Jyvaskyla"]
[Date "2012.01.27"]
[Round "1"]
[White "Niemi, Olavi"]
[Black "Zhou, Qiyu"]
[Result "1/2-1/2"]
[WhiteElo "2034"]
[BlackElo "1726"]
[PlyCount "135"]
[EventDate "2012.01.27"]
[EventType "swiss"]
[EventRounds "5"]
[EventCountry "FIN"]
[SourceTitle "EXT 2022"]
[Source "ChessBase"]
[SourceDate "2021.10.06"]
[SourceVersion "1"]
[SourceVersionDate "2021.10.06"]
[SourceQuality "1"]

1. e4 e5 2. Nf3 Nc6 3. Bb5 a6 4. Ba4 Nf6 5. 0-0 b5 6. Bb3 Be7 7. Re1 0-0 8. d4 d6 9. c3 exd4 10. Nxd4 Na5 11. Bc2 c5 12. Ne2 Bb7 13. Ng3 Re8 14. Nd2 Qc7 15. Nf3 Nc4 16. b3 Nb6 17. Bf4 Rad8 18. Qe2 Nbd7 19. c4 bxc4 20. Qxc4 Ne5 21. Bxe5 dxe5 22. b4 Bd6 23. Ba4 Bc6 24. Bxc6 Qxc6 25. Rac1 Rc8 26. Re2 Qb5 27. Rec2 Qxc4 28. Rxc4 Nd7 29. R4c2 Rc7 30. Nf5 Bf8 31. Ne3 Rec8 32. a4 Bd6 33. Rd1 Bf8 34. b5 axb5 35. axb5 f6 36. Nc4 Rb7 37. Nd6 Bxd6 38. Rxd6 Rxb5 39. g3 Nb6 40. Nh4 Kf7 41. Nf5 Rb1+ 42. Kg2 Rc7 43. f4 exf4 44. gxf4 Nd7 45. Rd5 Rb4 46. Nd6+ Kf8 47. Nc4 Ke7 48. Kf3 Ra7 49. Ne3 g6 50. Rd3 Rbb7 51. Nc4 Ra4 52. Ne3 Ra5 53. h4 Nb8 54. h5 Nc6 55. Rg2 Nd4+ 56. Kg3 gxh5 57. Rh2 Kf8 58. Rxh5 Rg7+ 59. Ng4 f5 60. exf5 Ra1 61. Rg5 Rg1+ 62. Kh3 h5 63. Ne5 R7xg5 64. fxg5 Rxg5 65. Nd7+ Ke7 66. Nxc5 Rxf5 67. Rxd4 Rxc5 68. Kh4 1/2-1/2

[Event "Mikkeli We MikkSK"]
[Site "Mikkeli"]
[Date "2012.??.??"]
[Round "5"]
[White "Aijala, Jouko"]
[Black "Niemi, Olavi"]
[Result "1/2-1/2"]
[WhiteElo "2156"]
[BlackElo "2034"]
[PlyCount "83"]
[EventDate "2012.??.??"]
[EventType "swiss"]
[EventRounds "5"]
[EventCountry "FIN"]
[SourceTitle "EXT 2022"]
[Source "ChessBase"]
[SourceDate "2021.10.06"]
[SourceVersion "1"]
[SourceVersionDate "2021.10.06"]
[SourceQuality "1"]

1. d4 d5 2. c4 e6 3. Nc3 Nf6 4. Nf3 c6 5. Bg5 Nbd7 6. e3 Qa5 7. Nd2 Bb4 8. Qc2 0-0 9. Bxf6 Nxf6 10. Bd3 Re8 11. 0-0 e5 12. dxe5 Rxe5 13. cxd5 cxd5 14. Nb3 Qd8 15. Rad1 Rh5 16. Be2 Bg4 17. Nd4 Rc8 18. Bxg4 Nxg4 19. h3 Qd6 20. Nf3 Ne5 21. Qe2 Bxc3 22. bxc3 Rxc3 23. Nd4 Qg6 24. Qb5 h6 25. Qxd5 Nc6 26. Qd7 Rg5 27. Ne2 Rc4 28. Nf4 Qf6 29. Qxb7 a5 30. Rd2 Ne5 31. Kh1 Rb4 32. Qa8+ Kh7 33. Nd5 Qd6 34. f4 Nc4 35. Rdd1 Rg3 36. Nxb4 Qxb4 37. Qe4+ Rg6 38. Rd4 f5 39. Rxc4 fxe4 40. Rxb4 axb4 41. Rc1 Ra6 42. Rc4 1/2-1/2

[Event "FIN-chT1A 1011"]
[Site "Finland"]
[Date "2011.03.12"]
[Round "9.4"]
[White "Kilpi, Teemu"]
[Black "Niemi, Olavi"]
[Result "1/2-1/2"]
[WhiteElo "2150"]
[BlackElo "2040"]
[PlyCount "129"]
[EventDate "2010.09.18"]
[EventType "team-tourn"]
[EventRounds "9"]
[EventCountry "FIN"]
[SourceTitle "EXT 2022"]
[Source "ChessBase"]
[SourceDate "2021.10.06"]
[SourceVersion "1"]
[SourceVersionDate "2021.10.06"]
[SourceQuality "1"]
[WhiteTeam "Oulu OSS"]
[BlackTeam "Jyvaskyla JyS"]
[WhiteTeamCountry "FIN"]
[BlackTeamCountry "FIN"]

1. d4 d5 2. c4 e6 3. Nc3 c6 4. e4 dxe4 5. Nxe4 Bb4+ 6. Bd2 Bxd2+ 7. Qxd2 Nf6 8. Nxf6+ Qxf6 9. Nf3 0-0 10. 0-0-0 Nd7 11. Qe3 b6 12. Bd3 Bb7 13. Ng5 g6 14. Ne4 Qe7 15. c5 bxc5 16. dxc5 Rad8 17. Be2 Nf6 18. Qg5 Kg7 19. Nxf6 Qxf6 20. Qxf6+ Kxf6 21. Bf3 Ke7 22. Kc2 Rxd1 23. Rxd1 Rd8 24. Rxd8 Kxd8 25. Kd3 Kd7 26. Ke4 f6 27. Be2 g5 28. f4 gxf4 29. Kxf4 Ke7 30. Bf3 e5+ 31. Ke3 h6 32. Be4 Kd7 33. Kf3 Ke6 34. g4 Kd7 35. Kg3 Ba6 36. b3 Be2 37. Kh4 a5 38. Kh5 Ke6 39. h3 Bf1 40. h4 Be2 41. Bf5+ Kd5 42. Kxh6 e4 43. g5 fxg5 44. hxg5 e3 45. g6 Bh5 46. Bd3 Kd4 47. Be2 Bxg6 48. Kxg6 Kc3 49. Kf5 Kb2 50. Ke4 Kxa2 51. Kxe3 Kxb3 52. Kd4 Kb4 53. Bf3 Kb5 54. Be2+ Kb4 55. Ba6 a4 56. Bc4 a3 57. Ba2 Kb5 58. Bb3 Kb4 59. Bc4 Ka4 60. Ke5 Kb4 61. Kd4 Ka5 62. Kc3 Ka4 63. Bb3+ Kb5 64. Kd4 Kb4 65. Bc4 1/2-1/2

[Event "Kuopio We KSY"]
[Site "Kuopio"]
[Date "2011.??.??"]
[Round "4"]
[White "Niemi, Olavi"]
[Black "Auvinen, Esa"]
[Result "1-0"]
[WhiteElo "2045"]
[BlackElo "1969"]
[PlyCount "96"]
[EventDate "2011.??.??"]
[EventType "swiss"]
[EventRounds "5"]
[EventCountry "FIN"]
[SourceTitle "EXT 2022"]
[Source "ChessBase"]
[SourceDate "2021.10.06"]
[SourceVersion "1"]
[SourceVersionDate "2021.10.06"]
[SourceQuality "1"]

1. e4 e5 2. Nf3 Nc6 3. Bb5 f5 4. d3 fxe4 5. dxe4 Nf6 6. 0-0 Bc5 7. Nc3 0-0 8. Bg5 d6 9. Nd5 Be6 10. Nxf6+ gxf6 11. Bh6 Rf7 12. Nh4 d5 13. exd5 Qxd5 14. Qxd5 Bxd5 15. Nf5 Nd4 16. Nxd4 Bxd4 17. c3 Bb6 18. b3 Be6 19. Rad1 c6 20. Rd6 Bd5 21. c4 Bc5 22. cxd5 Bxd6 23. dxc6 Rc7 24. cxb7 Rb8 25. Bc4+ Kh8 26. Bd5 Rc5 27. Rd1 Rc2 28. Rc1 Rxc1+ 29. Bxc1 Rd8 30. g4 Bb8 31. Bf3 e4 32. Bb2 Kg7 33. g5 Re8 34. Bh5 Rf8 35. gxf6+ Kh6 36. Be2 Kg6 37. h4 Rd8 38. Bc4 Bd6 39. f7 Rb8 40. Bd5 Kf5 41. Bd4 Kf4 42. Bxa7 Rf8 43. a4 Ke5 44. Bc4 Kf4 45. a5 Kf3 46. a6 Rd8 47. Kf1 Bb4 48. Be2+ Kf4 1-0

[Event "Tampere We TammerSh 10th"]
[Site "Tampere"]
[Date "2011.??.??"]
[Round "4"]
[White "Nokso Koivisto, Aki"]
[Black "Niemi, Olavi"]
[Result "0-1"]
[WhiteElo "2176"]
[BlackElo "2045"]
[PlyCount "96"]
[EventDate "2011.??.??"]
[EventType "swiss"]
[EventRounds "5"]
[EventCountry "FIN"]
[SourceTitle "EXT 2022"]
[Source "ChessBase"]
[SourceDate "2021.10.06"]
[SourceVersion "1"]
[SourceVersionDate "2021.10.06"]
[SourceQuality "1"]

1. e4 e5 2. Nf3 Nc6 3. d4 exd4 4. Nxd4 Bc5 5. Nb3 Bb6 6. a4 a6 7. a5 Ba7 8. Bd3 d6 9. Nc3 Be6 10. 0-0 Qh4 11. Nd5 Bxd5 12. exd5 Ne5 13. Qd2 Nf6 14. Bf5 0-0 15. c3 h6 16. Nd4 Rfe8 17. Ra4 Nxd5 18. Bc2 Qf6 19. Be4 c6 20. Bxd5 cxd5 21. b3 Re7 22. h3 Rae8 23. Kh1 Nc6 24. Qf4 Re1 25. Kg1 Qg6 26. Rxe1 Rxe1+ 27. Kh2 Re4 28. Qd2 Nxd4 29. cxd4 Qf6 30. Bb2 Qe6 31. Bc1 g5 32. Rb4 Qe7 33. Qc3 Kg7 34. Be3 Qd7 35. Ra4 f5 36. g3 f4 37. gxf4 gxf4 38. Bxf4 Qf5 39. Bg3 Kg6 40. Qc7 Bxd4 41. Qxd6+ Re6 42. Qb8 Re4 43. Qxb7 Be5 44. Qxa6+ Kh5 45. Rxe4 Qxf2+ 46. Kh1 Qf3+ 47. Kg1 Qxg3+ 48. Kf1 Qf3+ 0-1

[Event "Lahti We LahS"]
[Site "Lahti"]
[Date "2010.??.??"]
[Round "2.3"]
[White "Lonnqvist, Henrik"]
[Black "Niemi, Olavi"]
[Result "0-1"]
[WhiteElo "2125"]
[BlackElo "2040"]
[PlyCount "60"]
[EventDate "2010.??.??"]
[EventType "swiss"]
[EventRounds "5"]
[EventCountry "FIN"]
[SourceTitle "EXT 2022"]
[Source "ChessBase"]
[SourceDate "2021.10.06"]
[SourceVersion "1"]
[SourceVersionDate "2021.10.06"]
[SourceQuality "1"]

1. e4 e5 2. Nf3 Nc6 3. d4 exd4 4. Bc4 Bc5 5. c3 Nf6 6. cxd4 Bb4+ 7. Bd2 Bxd2+ 8. Nbxd2 d5 9. exd5 Nxd5 10. Qb3 Nce7 11. 0-0 0-0 12. Rfe1 c6 13. Ne4 Nb6 14. Bd3 Ng6 15. Neg5 Qd5 16. Qb4 Bf5 17. Be4 Bxe4 18. Nxe4 Rad8 19. Rac1 Nf4 20. Nc5 Rd6 21. Re5 Qxa2 22. Rce1 Nfd5 23. Qd2 Nc4 24. Qd3 Nxe5 25. dxe5 Rg6 26. Qd4 b5 27. Nd2 Nc7 28. Nd7 Re8 29. Qc3 Qd5 30. Nc5 Qxg2# 0-1

[Event "Jyvaskyla Olkinuora Memorial"]
[Site "Jyvaskyla"]
[Date "2010.??.??"]
[Round "5"]
[White "Niemi, Olavi"]
[Black "Iivonen, Markku"]
[Result "0-1"]
[WhiteElo "2040"]
[BlackElo "2020"]
[PlyCount "90"]
[EventDate "2010.??.??"]
[EventType "swiss"]
[EventRounds "5"]
[EventCountry "FIN"]
[SourceTitle "EXT 2022"]
[Source "ChessBase"]
[SourceDate "2021.10.06"]
[SourceVersion "1"]
[SourceVersionDate "2021.10.06"]
[SourceQuality "1"]

1. e4 d6 2. d4 Nf6 3. Nc3 e5 4. Nf3 Nbd7 5. Bc4 Be7 6. 0-0 h6 7. h3 0-0 8. Be3 exd4 9. Nxd4 Ne5 10. Bb3 c5 11. Nf3 Nxf3+ 12. Qxf3 Be6 13. Bxe6 fxe6 14. Qg3 Kh7 15. Rad1 Qb6 16. b3 Rad8 17. Bc1 d5 18. e5 Nh5 19. Qg4 g6 20. Kh2 Rf7 21. f4 Rdf8 22. g3 Ng7 23. Qe2 Nf5 24. Qg2 Qc6 25. Ne2 g5 26. Qf3 Ng7 27. Qd3+ Kg8 28. Qg6 gxf4 29. Nxf4 Bg5 30. Nh5 Qa6 31. c4 Qxa2+ 32. Bd2 Bxd2 33. Nf6+ Rxf6 34. exf6 Bc3+ 35. Kh1 Bxf6 36. Rxf6 Rxf6 37. Qxf6 Qxb3 38. Rg1 Qxc4 39. Qxh6 Qe4+ 40. Kh2 c4 41. g4 Qe5+ 42. Kh1 c3 43. g5 Qe3 44. Qh4 c2 45. g6 Qxg1+ 0-1

[Event "Jyvaskyla Olkinuora Memorial"]
[Site "Jyvaskyla"]
[Date "2010.??.??"]
[Round "4"]
[White "Niemi, Olavi"]
[Black "Savola, Ari"]
[Result "1-0"]
[WhiteElo "2040"]
[BlackElo "1974"]
[PlyCount "63"]
[EventDate "2010.??.??"]
[EventType "swiss"]
[EventRounds "5"]
[EventCountry "FIN"]
[SourceTitle "EXT 2022"]
[Source "ChessBase"]
[SourceDate "2021.10.06"]
[SourceVersion "1"]
[SourceVersionDate "2021.10.06"]
[SourceQuality "1"]

1. e4 e6 2. d4 d5 3. Nc3 Nf6 4. Bg5 Be7 5. e5 Nfd7 6. h4 a6 7. Nf3 c5 8. Ne2 Nc6 9. c3 b5 10. a4 Bb7 11. axb5 axb5 12. Rxa8 Qxa8 13. Bxe7 Kxe7 14. dxc5 Nxc5 15. Ned4 Qa4 16. Bxb5 Qxd1+ 17. Kxd1 Nxd4 18. Nxd4 Ra8 19. Kc2 f6 20. Re1 Ne4 21. exf6+ gxf6 22. f3 Nc5 23. b4 Ne4 24. fxe4 dxe4 25. Bc4 Bd5 26. Bxd5 exd5 27. Kb3 Rg8 28. g3 Kd6 29. Rf1 Rg6 30. h5 Rg5 31. Rxf6+ Ke7 32. Rh6 1-0

[Event "Kokkola We KokkSK"]
[Site "Kokkola"]
[Date "2009.??.??"]
[Round "1"]
[White "Niemi, Olavi"]
[Black "Luukkonen, Tommi"]
[Result "0-1"]
[WhiteElo "2045"]
[BlackElo "2304"]
[PlyCount "64"]
[EventDate "2009.??.??"]
[EventType "swiss"]
[EventRounds "5"]
[EventCountry "FIN"]
[SourceTitle "EXT 2011"]
[Source "ChessBase"]
[SourceDate "2010.11.26"]
[SourceVersion "1"]
[SourceVersionDate "2010.11.26"]
[SourceQuality "1"]

1. e4 c5 2. Nc3 d6 3. f4 Nc6 4. Nf3 g6 5. Bc4 Bg7 6. d3 e6 7. a4 Nge7 8. 0-0 0-0 9. h3 d5 10. Ba2 Nb4 11. e5 Bd7 12. Bb1 f6 13. exf6 Bxf6 14. Ne2 d4 15. c3 dxc3 16. bxc3 Qc7 17. Ra3 Nbd5 18. c4 Nb4 19. Nc3 Rad8 20. Qe2 Nf5 21. Ne4 Bg7 22. Bb2 Nd4 23. Nxd4 cxd4 24. Bc1 Rde8 25. Qg4 Rf5 26. Qh4 Rh5 27. Qe1 a5 28. g4 Rxh3 29. Kg2 Rh6 30. f5 Qh2+ 31. Kf3 Qh3+ 32. Ng3 Bc6+ 0-1

[Event "Heart of Finland op 18th"]
[Site "Jyvaskyla"]
[Date "2008.07.16"]
[Round "7"]
[White "Aijala, Jouko"]
[Black "Niemi, Olavi"]
[Result "1-0"]
[WhiteElo "2157"]
[BlackElo "2053"]
[PlyCount "79"]
[EventDate "2008.07.12"]
[EventType "swiss"]
[EventRounds "9"]
[EventCountry "FIN"]
[SourceTitle "CBM 125 Extra"]
[Source "ChessBase"]
[SourceDate "2008.09.01"]
[SourceVersion "1"]
[SourceVersionDate "2008.09.01"]
[SourceQuality "1"]

1. c4 e5 2. Nc3 Nf6 3. Nf3 Nc6 4. g3 d5 5. cxd5 Nxd5 6. Bg2 Nb6 7. 0-0 Be7 8. a3 a5 9. d3 0-0 10. Be3 Be6 11. Ne4 Nd5 12. Bc5 h6 13. Rc1 Bd6 14. Bxd6 cxd6 15. Nc3 Nxc3 16. bxc3 d5 17. Rb1 Qe7 18. Qa4 Rab8 19. Rb6 f6 20. Rfb1 Qc5 21. Qb3 Bf7 22. Rb5 Qd6 23. d4 e4 24. Nd2 f5 25. e3 a4 26. Qb2 g5 27. Bf1 Nd8 28. c4 dxc4 29. Rxf5 b5 30. Nxc4 bxc4 31. Qxb8 Qxa3 32. Qb4 Qa2 33. Rb2 Qa1 34. Rc5 Be6 35. Rb1 Qa2 36. Qb2 Qxb2 37. Rxb2 a3 38. Ra2 Nb7 39. Rc6 Bd5 40. Bxc4 1-0

[Event "Heart of Finland op 18th"]
[Site "Jyvaskyla"]
[Date "2008.07.15"]
[Round "6"]
[White "Kulmala, Kalle Juhani"]
[Black "Niemi, Olavi"]
[Result "0-1"]
[WhiteElo "1927"]
[BlackElo "2053"]
[PlyCount "42"]
[EventDate "2008.07.12"]
[EventType "swiss"]
[EventRounds "9"]
[EventCountry "FIN"]
[SourceTitle "CBM 125 Extra"]
[Source "ChessBase"]
[SourceDate "2008.09.01"]
[SourceVersion "1"]
[SourceVersionDate "2008.09.01"]
[SourceQuality "1"]

1. d4 Nf6 2. Nf3 e6 3. e3 Be7 4. Bd3 0-0 5. 0-0 d5 6. b3 Ne4 7. Bb2 Nd7 8. Nbd2 f5 9. Ne1 Bd6 10. f4 g5 11. fxg5 Qxg5 12. Qe2 Ndf6 13. Nef3 Qh6 14. Bxe4 dxe4 15. Ne5 Bxe5 16. dxe5 Ng4 17. h3 Nxe3 18. Rf2 Nxc2 19. Rc1 Nb4 20. Rxc7 Nd5 21. Rc1 e3 0-1

[Event "Heart of Finland op 18th"]
[Site "Jyvaskyla"]
[Date "2008.07.13"]
[Round "4"]
[White "Tiitta, Sauli"]
[Black "Niemi, Olavi"]
[Result "1-0"]
[WhiteElo "2204"]
[BlackElo "2053"]
[PlyCount "101"]
[EventDate "2008.07.12"]
[EventType "swiss"]
[EventRounds "9"]
[EventCountry "FIN"]
[SourceTitle "CBM 125 Extra"]
[Source "ChessBase"]
[SourceDate "2008.09.01"]
[SourceVersion "1"]
[SourceVersionDate "2008.09.01"]
[SourceQuality "1"]

1. e4 e5 2. Bc4 Bc5 3. Nf3 Nc6 4. d3 h6 5. Nbd2 d6 6. c3 Nf6 7. Nf1 0-0 8. Bb3 d5 9. Qe2 b5 10. Ng3 a5 11. 0-0 a4 12. Bc2 d4 13. a3 Re8 14. h3 Nh7 15. Kh1 Be6 16. Nh2 Qd7 17. Qf3 Ne7 18. Ng4 Ng6 19. Nh5 f5 20. exf5 Bxf5 21. Qg3 Bxg4 22. Qxg4 Qxg4 23. hxg4 Nh4 24. f3 g5 25. c4 bxc4 26. dxc4 Red8 27. Be4 Ra6 28. Re1 Nf6 29. Nxf6+ Rxf6 30. Bd5+ Kg7 31. Rxe5 c6 32. Be4 Bd6 33. Ra5 Ng6 34. Rxa4 d3 35. Bd2 Be5 36. Rb4 Nf4 37. a4 Rh8 38. Rb7+ Rf7 39. Rxf7+ Kxf7 40. Bxf4 Bxf4 41. g3 Be5 42. Bxd3 Bxb2 43. Ra2 Bd4 44. Be4 Rc8 45. Rd2 Be5 46. f4 Bb8 47. Rd7+ Kf6 48. a5 gxf4 49. a6 fxg3 50. a7 Bf4 51. Bxc6 1-0

[Event "FIN-chT1C 0708 gr1"]
[Site "Finland"]
[Date "2007.09.15"]
[Round "1.3"]
[White "Niemi, Olavi"]
[Black "Kiuttu, Roope"]
[Result "0-1"]
[WhiteElo "2054"]
[BlackElo "1966"]
[PlyCount "80"]
[EventDate "2007.09.15"]
[EventType "team-tourn"]
[EventRounds "7"]
[EventCountry "FIN"]
[SourceTitle "EXT 2022"]
[Source "ChessBase"]
[SourceDate "2021.10.06"]
[SourceVersion "1"]
[SourceVersionDate "2021.10.06"]
[SourceQuality "1"]
[WhiteTeam "Jyvaskyla JyS II"]
[BlackTeam "Oulu OSS"]
[WhiteTeamCountry "FIN"]
[BlackTeamCountry "FIN"]

1. e4 c5 2. Nf3 e6 3. d4 cxd4 4. Nxd4 Nc6 5. Nb3 Nf6 6. Bd3 d5 7. f3 dxe4 8. fxe4 Nxe4 9. Qf3 Nf6 10. Nc3 Nb4 11. Be4 Nxe4 12. Qxe4 Bd7 13. 0-0 Bc6 14. Qe2 Be7 15. Bf4 Nd5 16. Nxd5 Qxd5 17. c4 Qe4 18. Qf2 Qxc4 19. Bd6 Bf6 20. Rac1 Qd5 21. Rfd1 Qf5 22. Qe1 Bxb2 23. Rc5 Qe4 24. Qf2 Bf6 25. Na5 Qa4 26. Qd2 Rd8 27. Nxc6 bxc6 28. Ra5 Qe4 29. Rxa7 Qd5 30. Qxd5 cxd5 31. Bb4 Rd7 32. Ra8+ Rd8 33. Ra7 Rd7 34. Ra8+ Bd8 35. Rc1 f6 36. Rcc8 Kf7 37. Kf1 Re8 38. a4 d4 39. Ba5 Bxa5 40. Rxe8 d3 0-1